<?xml version="1.0" encoding="UTF-8"?>
<record
    xmlns:xsi="http://www.w3.org/2001/XMLSchema-instance"
    xsi:schemaLocation="http://www.loc.gov/MARC21/slim http://www.loc.gov/standards/marcxml/schema/MARC21slim.xsd"
    xmlns="http://www.loc.gov/MARC21/slim">

  <leader>00888    a2200277   4500</leader>
  <controlfield tag="003">CBULib</controlfield>
  <controlfield tag="005">20250122085843.0</controlfield>
  <controlfield tag="008">241017b        |||||||| |||| 00| 0 eng d</controlfield>
  <datafield tag="020" ind1=" " ind2=" ">
    <subfield code="a">9780323443449</subfield>
  </datafield>
  <datafield tag="040" ind1=" " ind2=" ">
    <subfield code="b">English</subfield>
    <subfield code="c">CBULib</subfield>
    <subfield code="e">rda</subfield>
  </datafield>
  <datafield tag="041" ind1=" " ind2=" ">
    <subfield code="a">eng</subfield>
  </datafield>
  <datafield tag="050" ind1=" " ind2=" ">
    <subfield code="a">SF 911 Fos </subfield>
  </datafield>
  <datafield tag="100" ind1=" " ind2=" ">
    <subfield code="a">Fossum, Theresa Welch</subfield>
  </datafield>
  <datafield tag="245" ind1=" " ind2=" ">
    <subfield code="a">Small animal surgery</subfield>
    <subfield code="c">/ by Theresa Welch Fossum; Jane Cho; Curtis W. Dewey; Kei Hayashi; Catriona M. MacPhail and Jane E. Quandt</subfield>
  </datafield>
  <datafield tag="250" ind1=" " ind2=" ">
    <subfield code="a">Fifth edition</subfield>
  </datafield>
  <datafield tag="260" ind1=" " ind2=" ">
    <subfield code="b">Elsevier,</subfield>
    <subfield code="c">2019</subfield>
    <subfield code="a">Philadephia : </subfield>
  </datafield>
  <datafield tag="300" ind1=" " ind2=" ">
    <subfield code="a">xv, 1568 pages : illustrations </subfield>
  </datafield>
  <datafield tag="336" ind1=" " ind2=" ">
    <subfield code="2">rdacontent</subfield>
    <subfield code="a">Text |</subfield>
    <subfield code="b">txt</subfield>
  </datafield>
  <datafield tag="337" ind1=" " ind2=" ">
    <subfield code="2">rdamedia</subfield>
    <subfield code="a">Unmediated |</subfield>
    <subfield code="b">n</subfield>
  </datafield>
  <datafield tag="338" ind1=" " ind2=" ">
    <subfield code="2">rdacarrier</subfield>
    <subfield code="a">Volume</subfield>
    <subfield code="b">nc</subfield>
  </datafield>
  <datafield tag="650" ind1=" " ind2="0">
    <subfield code="9">3741</subfield>
    <subfield code="a">SURGERY, VETERINARY</subfield>
  </datafield>
  <datafield tag="650" ind1=" " ind2="0">
    <subfield code="9">3742</subfield>
    <subfield code="a">ANIMAL DISEASE -- SURGERY</subfield>
  </datafield>
  <datafield tag="700" ind1=" " ind2=" ">
    <subfield code="9">3743</subfield>
    <subfield code="a">Cho, Jane </subfield>
  </datafield>
  <datafield tag="700" ind1=" " ind2=" ">
    <subfield code="9">3744</subfield>
    <subfield code="a">Dewey, Curtis W.</subfield>
  </datafield>
  <datafield tag="942" ind1=" " ind2=" ">
    <subfield code="2">lcc</subfield>
    <subfield code="c">002</subfield>
  </datafield>
  <datafield tag="999" ind1=" " ind2=" ">
    <subfield code="c">85654</subfield>
    <subfield code="d">85654</subfield>
  </datafield>
  <datafield tag="952" ind1=" " ind2=" ">
    <subfield code="0">0</subfield>
    <subfield code="1">0</subfield>
    <subfield code="2">lcc</subfield>
    <subfield code="4">0</subfield>
    <subfield code="7">0</subfield>
    <subfield code="8">LSK</subfield>
    <subfield code="a">010</subfield>
    <subfield code="b">010</subfield>
    <subfield code="c">GEN</subfield>
    <subfield code="d">2024-10-17</subfield>
    <subfield code="e">DON-BOOKAID</subfield>
    <subfield code="g">128.00</subfield>
    <subfield code="o">SF 911 Fos </subfield>
    <subfield code="p">752953</subfield>
    <subfield code="r">2024-10-17</subfield>
    <subfield code="w">2024-10-17</subfield>
    <subfield code="y">002</subfield>
  </datafield>
  <datafield tag="952" ind1=" " ind2=" ">
    <subfield code="0">0</subfield>
    <subfield code="1">0</subfield>
    <subfield code="2">lcc</subfield>
    <subfield code="4">0</subfield>
    <subfield code="7">0</subfield>
    <subfield code="8">LSK</subfield>
    <subfield code="a">010</subfield>
    <subfield code="b">010</subfield>
    <subfield code="c">GEN</subfield>
    <subfield code="d">2024-10-17</subfield>
    <subfield code="e">DON-BOOKAID</subfield>
    <subfield code="g">128.00</subfield>
    <subfield code="o">SF 911 Fos </subfield>
    <subfield code="p">752954</subfield>
    <subfield code="r">2024-10-17</subfield>
    <subfield code="w">2024-10-17</subfield>
    <subfield code="y">002</subfield>
  </datafield>
  <datafield tag="952" ind1=" " ind2=" ">
    <subfield code="0">0</subfield>
    <subfield code="1">0</subfield>
    <subfield code="2">lcc</subfield>
    <subfield code="4">0</subfield>
    <subfield code="7">0</subfield>
    <subfield code="8">MC</subfield>
    <subfield code="a">001</subfield>
    <subfield code="b">001</subfield>
    <subfield code="c">GEN</subfield>
    <subfield code="d">2025-01-22</subfield>
    <subfield code="e">BOOK AID INTERNATIONAL </subfield>
    <subfield code="g">146.49</subfield>
    <subfield code="l">0</subfield>
    <subfield code="o">SF 911 Fos	</subfield>
    <subfield code="p">753306</subfield>
    <subfield code="r">2025-01-22</subfield>
    <subfield code="w">2025-01-22</subfield>
    <subfield code="y">002</subfield>
  </datafield>
  <datafield tag="952" ind1=" " ind2=" ">
    <subfield code="0">0</subfield>
    <subfield code="1">0</subfield>
    <subfield code="2">lcc</subfield>
    <subfield code="4">0</subfield>
    <subfield code="7">0</subfield>
    <subfield code="8">MC</subfield>
    <subfield code="a">001</subfield>
    <subfield code="b">001</subfield>
    <subfield code="c">GEN</subfield>
    <subfield code="d">2025-01-22</subfield>
    <subfield code="e">BOOK AID INTERNATIONAL </subfield>
    <subfield code="g">146.49</subfield>
    <subfield code="l">0</subfield>
    <subfield code="o">SF 911 Fos	</subfield>
    <subfield code="p">753305</subfield>
    <subfield code="r">2025-01-22</subfield>
    <subfield code="w">2025-01-22</subfield>
    <subfield code="y">002</subfield>
  </datafield>
</record>
